<?xml version="1.0" encoding="UTF-8"?>
<marc:record xmlns:marc="http://www.loc.gov/MARC21/slim">
   <marc:leader>00000nam a2200000 a 4500</marc:leader>
   <marc:datafield ind1="1" ind2=" " tag="100">
      <marc:subfield code="a">Reynolds, Jason</marc:subfield>
      <marc:subfield code="4">aut</marc:subfield>
      <marc:subfield code="e">Verfasser/-in</marc:subfield>
   </marc:datafield>
   <marc:datafield ind1="0" ind2="0" tag="245">
      <marc:subfield code="a">Love oder Meine schönsten Beerdigungen</marc:subfield>
   </marc:datafield>
   <marc:datafield ind1="0" ind2="0" tag="245">
      <marc:subfield code="c">Jason Reynolds ; aus dem Englischen von Klaus Fritz</marc:subfield>
   </marc:datafield>
   <marc:datafield ind1=" " ind2="1" tag="264">
      <marc:subfield code="a">München</marc:subfield>
      <marc:subfield code="b">dtv</marc:subfield>
      <marc:subfield code="c">2017</marc:subfield>
   </marc:datafield>
   <marc:datafield ind1="1" ind2=" " tag="490">
      <marc:subfield code="a">Reihe Hanser</marc:subfield>
   </marc:datafield>
   <marc:datafield ind1="1" ind2=" " tag="520">
      <marc:subfield code="a">Angaben aus der Verlagsmeldung

Love oder Meine schönsten Beerdigungen : Roman Reynolds,Love / von Jason Reynolds

Zurück ins LebenMatt trägt jeden Tag einen schwarzen Anzug, nicht, weil seine Mutter gerade gestorben ist, was Matt komplett aus der Bahn geworfen hat, sondern weil er einen gut bezahlten Nachmittagsjob bei einem Beerdigungsinstitut hat. Und er braucht den Job dringend, weil sein Vater weder mit den Krankenhausrechnungen noch mit sich zurande kommt. Alles überhaupt nicht gut. Als er glaubt, eine weitere schlechte Nachricht nicht mehr aushalten zu können, trifft Matt Love. Stimmt, seltsamer Name, und jemand, der mit Schicksalsschlägen ganz anders umgeht als Matt. Was ist ihr Geheimnis? Was macht sie so stark? Kann sie Matt aus seiner Einsamkeit heraus- und ins Leben zurückholen? Matt ist überzeugt, wenn es überhaupt jemand gibt, der das kann, dann ist es Love.
</marc:subfield>
   </marc:datafield>
   <marc:datafield ind1=" " ind2=" " tag="020">
      <marc:subfield code="a">9783423650267</marc:subfield>
      <marc:subfield code="9">9783423650267</marc:subfield>
   </marc:datafield>
   <marc:datafield ind1=" " ind2=" " tag="020">
      <marc:subfield code="a">3423650265</marc:subfield>
      <marc:subfield code="9">3423650265</marc:subfield>
   </marc:datafield>
   <marc:datafield ind1=" " ind2=" " tag="041">
      <marc:subfield code="a">ger</marc:subfield>
   </marc:datafield>
   <marc:datafield ind1=" " ind2=" " tag="300">
      <marc:subfield code="a">288 Seiten</marc:subfield>
   </marc:datafield>
</marc:record>
